000 01003cam a2200289 i 4500
001 1355507167
003 OSt
005 20250613121004.0
008 221220s2022 sz a o 000 0 eng d
020 _a9783031056246 (hardcover)
040 _aGW5XE
_beng
_erda
_cGW5XE
_dNUST
050 4 _aQB981 ADV
245 0 0 _aAdvances in cosmology /
_cedited by Marilena Streit-Bianchi, Paola Catapano, Cristiano Galbiati and Enrico Magnani.
260 _aCham :
_bSpringer,
_c2022.
300 _axxii, 376 pages :
_bIllustrations ;
_c24 cm.
336 _atext
_btxt
_2rdacontent
337 _acomputer
_bc
_2rdamedia
338 _aonline resource
_bcr
_2rdacarrier
504 _aIncludes bibliographical references.
650 0 _vCosmology.
650 0 _vCosmology -- History.
700 1 _aStreit-Bianchi, Marilena
_eEditor
700 1 _aCatapano, Paola
_eEditor
700 1 _aGalbiati, Cristiano
_eEditor
700 1 _aMagnani, Enrico
_eEditor
942 _2lcc
_cBOOKS
_hQB981 ADV
_kQB
_mADV
_n0
999 _c171629
_d171629